| 000 | 00417nam a2200169Ia 4500 | ||
|---|---|---|---|
| 008 | 230524s9999 xx 000 0 und d | ||
| 020 | _a9788120309296 | ||
| 082 |
_a621.382 _bJAI |
||
| 100 | _aAnil K.Jain | ||
| 245 | 0 | _aFundamentals of Digital Image Processing | |
| 250 | _a1ST | ||
| 260 |
_aNEW DELHI _bPearson _c2004 |
||
| 300 | _a569 | ||
| 500 | _aQuantity Number: 27 | ||
| 650 | _aElectronics | ||
| 942 | _cBK | ||
| 999 |
_c13312 _d13312 |
||